Научно-исследовательские работы Воронежской лесной опытной станции. Вып. 2: Агро-лесомелиорация (Запись № 13605938)

Подробности
000 -МАРКЕР
контрольное поле 01300nam2a2200229 4500
001 - ИДЕНТИФИКАТОР ЗАПИСИ
контрольное поле rc\2964387
005 - ИДЕНТИФИКАТОР ВЕРСИИ
контрольное поле 20260315061233.0
035 ## - ДРУГИЕ СИСТЕМНЫЕ НОМЕРА
Идентификатор записи (NLR Aleph) 007110854
100 ## - ДАННЫЕ ОБЩЕЙ ОБРАБОТКИ
Данные общей обработки 20110905d1937 u y0rusy50 ca
101 0# - ЯЗЫК РЕСУРСА
Язык текста, звукозаписи и т.д. русский
102 ## - СТРАНА ПУБЛИКАЦИИ ИЛИ ПРОИЗВОДСТВА
Страна публикации Российская Федерация
105 ## - ПОЛЕ КОДИРОВАННЫХ ДАННЫХ: ТЕКСТОВЫЕ МАТЕРИАЛЫ, МОНОГРАФИЧЕСКИЕ
Кодированные данные о монографическом текстовом документе bea z |||||
200 1# - ЗАГЛАВИЕ И СВЕДЕНИЯ ОБ ОТВЕТСТВЕННОСТИ
Основное заглавие Агро-лесомелиорация
Сведения, относящиеся к заглавию С 16 рисунками
210 ## - ПУБЛИКАЦИЯ, РАСПРОСТРАНЕНИЕ И ДР.
Дата издания, распространения и т.д. 1937
215 ## - ФИЗИЧЕСКАЯ ХАРАКТЕРИСТИКА
Специфическое обозначение материала и объем Обл., 68, [2] с., 2 вкл. л. план. и картогр.
Другие сведения о физической характеристике ил., план., картогр.
461 #0 - УРОВЕНЬ НАБОРА
Встроенное поле 001rc\2964386
-- 2001#$aНаучно-исследовательские работы Воронежской лесной опытной станции$e(Краткий обзор)$fВоронеж. лесная опыт. ст. МНИЛХа ГУЛО СНХ СССР$vВып. 2
Системный номер (АБИС) связанной записи 6766245
Автор Воронежская областная лесная опытная станция
Место публикации Воронеж
Дата публикации 1937
Первые сведения об ответственности Воронеж. лесная опыт. ст. МНИЛХа ГУЛО СНХ СССР
Имя издателя, распространителя и т.д. Б. и.
Сведения, относящиеся к заглавию (Краткий обзор)
Заглавие Научно-исследовательские работы Воронежской лесной опытной станции
Номер тома Вып. 2
801 #0 - ИСТОЧНИК ЗАПИСИ
Страна Российская Федерация
Организация NLR
Правила каталогизации psbo
801 #1 - ИСТОЧНИК ЗАПИСИ
Страна Российская Федерация
Организация ELAR
Источник данных rusmarc
852 ## - МЕСТОНАХОЖДЕНИЕ И ШИФР ХРАНЕНИЯ
Идентификатор организации NLR
Шифр хранения (Call Number) 35-17/323(2)
942 ## - ДОПОЛНИТЕЛЬНЫЕ ЭЛЕМЕНТЫ ЗАПИСИ (АБИС)
Тип экземпляра АБИС Неопределено
980 ## - КОЛЛЕКЦИЯ
Название коллекции Национальная библиография

Нет доступных экземпляров.